Statistics for Movie Titles from a Parallel Dimension #2

Click here to take the quiz!

General Stats

  • This quiz has been taken 12,091 times
  • The average score is 11 of 20

Answer Stats

Parallel Dimension MovieRegular Movie% Correct
Pixart presents...Fish NavigationFinding Nemo
97%
Carlton Heston in...Primates Own The AfterworldPlanet of the Apes
74%
Ralph Macho in...Teenage Kai KickerThe Karate Kid
74%
Henry Fonder in...12 Arguing Males12 Angry Men
70%
Benedict Cumbersome in...Dimension SkipperDoctor Strange
66%
Myrtle Streep in...Tyrant Dominates Wardrobe PublicationThe Devil Wears Prada
64%
Julie Roberts in...Prostitute WeekPretty Woman
63%
Leonardo DiCapricorn in...Con Man In Youthful ChaseCatch Me If You Can
61%
Tom Cruze in...Tomcat Gliders: MentorTop Gun: Maverick
61%
Walter Disney presents...Of Hounds And Overcoat DesireOne Hundred And One Dalmatians
60%
Matthew Damon in...Genius With HeartacheGood Will Hunting
59%
Steroid Stallone in...Retired BoxerRocky Balboa
52%
Tom Hunks in...Confronting PiratesCaptain Phillips
47%
Charlize Therong in...Motor Maniac: Fearsome RigMad Max: Fury Road
45%
Francisco Ford Coppola's...Aromatic NapalmApocalypse Now
43%
Steven McQueen in...Tunnels Gradually ExcavatedThe Great Escape
43%
Huge Grant in...Fabulous Woman and a FumblerFour Weddings and a Funeral
41%
Katie Winslet in...Erase Significant Other To Soothe MemoryEternal Sunshine of the Spotless Mind
37%
Davidoff Fincher's...Trillionaire Super NerdThe Social Network
31%
Tray Parker's...Terrorist Annihilators: With PuppetsTeam America: World Police
24%

Score Distribution

Percentile by Number Answered

Percent of People with Each Score

Your Score History

You have not taken this quiz